000
00330nam a22001337a 4500
008
170616b xxu||||| |||| 00| 0 eng d
020
_a
97815690078134
041
_a
eng
080
_a
328
100
_a
20
101
_a
SHP
245
_a
ADVANCED PLACEMENT COMPARATIVE GOVERNMENT AND POLITICS
_c
WEDDING.K
942
_2
udc
_c
BK
999
_c
17926
_d
17926